|
|
|
|
| LEADER |
01007nam a2200253 a 4500 |
| 001 |
2263975 |
| 008 |
101412s1979 nyua 001 0 eng d |
| 010 |
|
|
|a \\\78012591
|
| 020 |
|
|
|a 0379111128 :
|c $4.95
|
| 040 |
|
|
|a DLC
|c DLC
|d DLC
|d BD-DhAAL
|
| 082 |
0 |
0 |
|a 346/.73/072
|2 19
|
| 100 |
1 |
|
|a White, Bertha Rothe.
|
| 245 |
1 |
4 |
|a The law of buying and selling /
|c by Bertha Rothe White.
|
| 250 |
|
|
|a 2d ed. /
|b rev. by the Oceana editorial staff.
|
| 260 |
|
|
|a Dobbs Ferry, N.Y. :
|b Oceana Publications,
|c 1979.
|
| 300 |
|
|
|a x, 113 p. :
|b ill. ;
|c 19 cm.
|
| 490 |
0 |
|
|a Legal almanac series ; no. 41
|
| 504 |
|
|
|a Includes index.
|
| 541 |
1 |
|
|e 00004898
|
| 650 |
|
0 |
|a Sales
|z United States
|x States
|x Popular works.
|
| 710 |
2 |
|
|a Oceana Publications, inc.
|
| 852 |
4 |
|
|a Ayesha Abed Library
|j General Shelf
|
| 999 |
|
|
|c 8061
|d 8061
|
| 952 |
|
|
|0 0
|1 0
|2 ddc
|4 0
|6 346_730720000000000_WHI_1979
|7 0
|9 9168
|a BRACUL
|b BRACUL
|c GEN
|d 2010-04-12
|g 0.00
|l 2
|m 12
|o 346.73072 WHI
|p 3010004898
|r 2017-12-18
|s 2017-10-25
|t 1
|w 2010-04-12
|y BK
|z Not price in Register
|